Statistics for Canadian Singers

Click here to take the quiz!

General Stats

  • This quiz has been taken 979 times
  • The average score is 7 of 20

Answer Stats

SongSinger% Correct
My Heart Will Go OnCeline Dion
88%
BabyJustin Bieber
75%
Sk8er BoiAvril Lavigne
74%
Call Me MaybeCarly Rae Jepsen
63%
(Everything I Do) I Do It For YouBryan Adams
58%
PhotographNickelback
51%
Heart of GoldNeil Young
42%
Haven't Met You YetMichael Buble
40%
One WeekBarenaked Ladies
36%
Take CareDrake
34%
Bad DayDaniel Powter
30%
The Wreck of the Edmund FitzgeraldGordon Lightfoot
26%
ParalyzerFinger Eleven
18%
Welcome To My LifeSimple Plan
17%
GuardianAlanis Morissette
13%
StompaSerena Ryder
9%
StutteringFefe Dobson
8%
Never Too LateThree Days Grace
8%
FalloutMarianas Trench
7%
CloserTegan and Sara
4%

Score Distribution

Percentile by Number Answered

Percent of People with Each Score

Your Score History

You have not taken this quiz